000 00433nam a2200169Ia 4500
008 230917s9999||||xx |||||||||||||| ||und||
020 _cRS6995
040 _e229063
_aMAIN
041 _aEnglish
082 _a590 P635P
100 _aPike, Oliver
245 0 _aPageant of wildlife
260 _aNew Delhi
_bAgri-Biovet Press
_c2016
300 _a311 p.
500 _a2169 09/11/2015 PBA15/471 10/11/2015 Main Budget
942 _cBK
999 _c16551
_d16551